| 000 | 00506nam a2200169 i 4500 | ||
|---|---|---|---|
| 001 | 29057 | ||
| 003 | ES-MaACL | ||
| 005 | 20230906153954.0 | ||
| 007 | t| | ||
| 008 | 030120q18001899fr ||||1| fre d | ||
| 100 | 1 |
_aBalzac, Honoré de, _d1799-1850 _925139 |
|
| 245 | 1 | 0 |
_aScénes de la vie parisienne _b: le père goriot / _cHonoré de Balzac. |
| 260 |
_aParís : _bLib. Nouvelle, _c[18??] ( _fA. Bourdillia et Cie.) |
||
| 300 |
_a311 p. ; _c17 cm. |
||
| 852 |
_aES-MaACL _jG-13541 |
||
| 999 |
_c29057 _d29057 |
||